Αλγεβρα : Α' τάξη ενιαίου λυκείου

Αποθηκεύτηκε σε:
Λεπτομέρειες βιβλιογραφικής εγγραφής
Συγγραφή απο Οργανισμό/Αρχή: Υπουργείο Εθνικής Παιδείας και Θρησκευμάτων Παιδαγωγικό Ινστιτούτο
Άλλοι συγγραφείς: Ανδρεαδάκης, Στυλιανός Α., 1933-
Μορφή: Βιβλίο
Γλώσσα:Greek
Δημοσίευση: Αθήνα : Οργανισμός Εκδόσεων Διδακτικών Βιβλίων, 1999.
Θέματα:
Ετικέτες: Προσθήκη ετικέτας
Δεν υπάρχουν, Καταχωρήστε ετικέτα πρώτοι!

MARC

LEADER 00000cam a2200000 i 4500
001 1/101646
008 000211s1999 gr | ||| |||| ||gre||
020 |z 960060360 
035 |l 10057768 
040 |a GR-MyUA  |b gre  |e AACR2 
041 0 |a gre 
082 0 |a 512.007  |2 (21) 
245 1 0 |a Αλγεβρα :   |b Α' τάξη ενιαίου λυκείου /   |c Σ. Ανδρεαδάκης ... [κ α.].  
260 |a Αθήνα :   |b Οργανισμός Εκδόσεων Διδακτικών Βιβλίων,   |c 1999.  
300 |a 203 σ. ;   |c 24 εκ.  
504 |a Περιέχει παράρτημα υποδείξεων και απαντήσεις ασκήσεων.  
650 0 0 |a Algebra  |x Study and teaching (Secondary)  |z Greece. 
700 1 |a Ανδρεαδάκης, Στυλιανός Α.,   |d 1933- 
710 2 |a Υπουργείο Εθνικής Παιδείας και Θρησκευμάτων  |b Παιδαγωγικό Ινστιτούτο. 
852 |a INST  |b SAMOS  |e 20000211  |h 512.007 ΑΛΓ  |p 005300015672  |q 005300015672  |t BK  |y 23 
852 |a INST  |b SAMOS  |e 20000211  |h 512.007 ΑΛΓ  |p 005300015673  |q 005300015673  |t BK  |y 0 
852 |a INST  |b SAMOS  |e 20000211  |h 512.007 ΑΛΓ  |p 005300015674  |q 005300015674  |t BK  |y 0 
852 |a INST  |b SAMOS  |e 20050322  |h 512.007 ΑΛΓ  |p 005300025286  |q 005300025286  |t BK  |y 0 
901 |a BIBL3-2005-1 
901 |a BIBL3-2000-1 
909 |a Σ  |b 114393 
909 |a Σ  |b 057976 
909 |a Σ  |b 057977 
909 |a Σ  |b 057978 
920 |a ΛΥΚΕΙΟ ΚΑΡΛΟΒΑΣΟΥ  |y Σάμος  |z 2005-03 
920 |a ΛΥΚΕΙΟ ΚΑΡΛΟΒΑΣΟΥ  |y Σάμος  |z 2000-02 
970 |a ΠΟΥΡΝΑΡΑΣ  |b ΔΗΜΗΤΡΗΣ  |z 2000/02/